| 000 | 00574nam a22001217a 4500 | ||
|---|---|---|---|
| 008 | 110623t xxu||||| |||| 00| 0 eng d | ||
| 010 | _aHCCSF95 | ||
| 245 | _aHigh Court Civil Suit No. 383 OF 2002 AND Civil Suit No. 429 OF 2002 Matsiko Silagi Bernard and another Vs The Attorney General | ||
| 260 | _c2002 | ||
| 500 | _aBefore: THE HONOURABLE MR. JUSTICE YOROKAMU BAMWINE | ||
| 999 |
_c3806 _d3806 |
||